LEADER 03778nam 2200721 450 001 9910786560003321 005 20231206223939.0 010 $a1-315-57806-9 010 $a1-317-14815-0 010 $a1-317-14814-2 010 $a1-4724-3305-X 035 $a(CKB)3710000000113973 035 $a(EBL)1589619 035 $a(SSID)ssj0001193898 035 $a(PQKBManifestationID)12395713 035 $a(PQKBTitleCode)TC0001193898 035 $a(PQKBWorkID)11150147 035 $a(PQKB)11267541 035 $a(Au-PeEL)EBL1589619 035 $a(CaPaEBR)ebr10872464 035 $a(CaONFJC)MIL922510 035 $a(OCoLC)880147791 035 $a(MiAaPQ)EBC1589619 035 $a(MiAaPQ)EBC5293910 035 $a(EXLCZ)993710000000113973 100 $a20140529h20142014 uy 0 101 0 $aeng 135 $aur|n|---||||| 181 $ctxt 182 $cc 183 $acr 200 10$aDreaming in Byzantium and beyond /$fChristine Angelidi and George T. Calofonos 210 1$aSurrey, England ;$aBurlington, Vermont :$cAshgate,$d2014. 210 4$dİ2014 215 $a1 online resource (256 p.) 300 $aIncludes index. 311 $a1-4094-0055-7 327 $aCover; Contents; Prologue; List of Contributors; Note on the Spelling of Names; Abbreviations; 1 Dreaming in the Life of Cyril Phileotes; 2 The Morphology of Healing Dreams: Dream and Therapy in Byzantine Collections of Miracle Stories; 3 Ecstasy as a Form of Visionary Experience in Early Byzantine Monastic Literature; 4 The Heavenly City: Religious and Secular Visions of the Other World in Byzantine Literature; 5 A Little Revelation for Personal Use; 6 Prokopios' Dream Before the Campaign Against Libya: A Reading of Wars 3.12.1-5; 7 Dream Narratives in the Continuation of Theophanes 327 $a8 The Historiography of Dreaming in Medieval Byzantium9 The Dream-Key Manuals of Byzantium; 10 Byzantine and Islamic Dream Interpretation: A Comparative Approach to the Problem of 'Reality' vs 'Literary Tradition'; 11 Fluid Dreams, Solid Consciences: Erotic Dreams in Byzantium; 12 Gender Ambiguity in Dreams of Conversion, Prophecy and Creativity; 13 Psychoanalysis and Byzantine Oneirographia; Index 330 $aThis book - the first collection of studies on Byzantine dreams to be published - aims to demonstrate the importance of closely examining dreams in Byzantium in their wider historical and cultural, as well as narrative, context. The remarkable number of dream narratives in Byzantine hagiography, historiography, rhetoric, epistolography, and romance attests to the cardinal function of dreams as vehicles of meaning in politics, religion and literature. The essays provide a broad variety of perspectives, exploring gender, eroticism, Greco-Roman and Islamic influences, psychoanalysis and anthropol 606 $aDream interpretation$zByzantine Empire 606 $aDreams$zByzantine Empire 606 $aByzantine literature$xHistory and criticism 606 $aChristian literature, Byzantine$xHistory and criticism 606 $aDreams in literature 606 $aChristian hagiography 607 $aByzantine Empire$xHistoriography$xPsychological aspects 615 0$aDream interpretation 615 0$aDreams 615 0$aByzantine literature$xHistory and criticism. 615 0$aChristian literature, Byzantine$xHistory and criticism. 615 0$aDreams in literature. 615 0$aChristian hagiography. 676 $a949.5/02072 700 $aAngelide?$b Christina$0498211 702 $aCalofonos$b George T. 801 0$bMiAaPQ 801 1$bMiAaPQ 801 2$bMiAaPQ 906 $aBOOK 912 $a9910786560003321 996 $aDreaming in Byzantium and beyond$93774451 997 $aUNINA LEADER 02604nam 2200625 450 001 9910820880803321 005 20221205051734.0 010 $a1-4875-1726-2 010 $a1-4875-1725-4 024 7 $a10.3138/9781487517250 035 $a(CKB)4100000011244028 035 $a(MiAaPQ)EBC6191497 035 $a(DE-B1597)565865 035 $a(DE-B1597)9781487517250 035 $a(OCoLC)1137372438 035 $a(MdBmJHUP)musev2_107748 035 $a(EXLCZ)994100000011244028 100 $a20200812d2020 uy 0 101 0 $aeng 135 $aurcnu|||||||| 181 $ctxt$2rdacontent 182 $cc$2rdamedia 183 $acr$2rdacarrier 200 00$aCapturing the ineffable $ean anthropology of wisdom /$fedited by Philip Y. Kao and Joseph S. Alter 210 1$aToronto ;$aBuffalo ;$aLondon :$cUniversity of Toronto Press,$d[2020] 210 4$dİ2020 215 $a1 online resource (263 pages) 300 $aIncludes index. 311 $a1-4875-0313-X 327 $aPart I. Seeking Wisdom -- Part II. Discerning Wisdom -- Part III. Transmitting Wisdom -- Part IV. Narrating Wisdom. 330 $a"Wisdom is peculiarly abstract, ineffable, and yet perennial. It is also temporal, stretching forwards as well is backwards in time. Wisdom is often treated as the outcome of life experience, reflection, discipline, and equanimity. Capturing the Ineffable aims to establish wisdom as an area if inquiry within anthropology and an analytic account of wisdom and its role and focus in anthropology. In addition to developing theories for an anthropology (and excavation) of wisdom, this volume argues collectively that anthropology is especially well suited to engage in questioning what it is that is called wisdom, and how wisdom, as a concept, and an enacted activity, functions in metaphysical and interpersonal experiences, values, and judgements. The contributors include many key US and UK thinkers."--$cProvided by publisher. 606 $aWisdom 610 $aaging. 610 $aanthropology. 610 $acommunities. 610 $aconsciousness. 610 $aculture. 610 $aepistemic. 610 $aepistemology. 610 $aethnography. 610 $ahealing. 610 $aknowledge. 610 $aphilosophical. 610 $awisdom. 615 0$aWisdom. 676 $a128 702 $aKao$b Philip 702 $aAlter$b Joseph S. 801 0$bMiAaPQ 801 1$bMiAaPQ 801 2$bMiAaPQ 906 $aBOOK 912 $a9910820880803321 996 $aCapturing the ineffable$93928501 997 $aUNINA